00543nam a22001817a 450000500170000001000270001702000260004403500150007003500140008503700130009908200120011210000170012424500780014126000450021927000570026430000200032170000200034120240110145432.0 aENG-120934 ENG-138838 a9789385981067c600.00 aEN-104466  aEN-122370 bDBAD/PUB a954.092 aAngra, Kiran aLegacy of pandit jawahar lal nehru /cby Kiran Angra [and] Karamjeet Kaur aNew DelhibSatyam Publishing Housec2016 aN-3/25, Mohan Garden, Uttam NagarbNew Delhie110059 a272p.c22cm(Hb) aKaur, Karamjeet